<?xml version="1.0" encoding="UTF-8"?><?xml-stylesheet type="text/xsl" href="static/style.xsl"?><OAI-PMH xmlns="http://www.openarchives.org/OAI/2.0/" xmlns:xsi="http://www.w3.org/2001/XMLSchema-instance" xsi:schemaLocation="http://www.openarchives.org/OAI/2.0/ http://www.openarchives.org/OAI/2.0/OAI-PMH.xsd"><responseDate>2026-04-17T23:02:14Z</responseDate><request verb="GetRecord" identifier="oai:www.recercat.cat:10230/35474" metadataPrefix="marc">https://recercat.cat/oai/request</request><GetRecord><record><header><identifier>oai:recercat.cat:10230/35474</identifier><datestamp>2025-12-22T20:18:56Z</datestamp><setSpec>com_2072_6</setSpec><setSpec>col_2072_452954</setSpec></header><metadata><record xmlns="http://www.loc.gov/MARC21/slim" xmlns:dcterms="http://purl.org/dc/terms/" xmlns:xsi="http://www.w3.org/2001/XMLSchema-instance" xmlns:doc="http://www.lyncode.com/xoai" xsi:schemaLocation="http://www.loc.gov/MARC21/slim http://www.loc.gov/standards/marcxml/schema/MARC21slim.xsd">
   <leader>00925njm 22002777a 4500</leader>
   <datafield ind2=" " ind1=" " tag="042">
      <subfield code="a">dc</subfield>
   </datafield>
   <datafield ind2=" " ind1=" " tag="720">
      <subfield code="a">Aragay, Marçal</subfield>
      <subfield code="e">author</subfield>
   </datafield>
   <datafield ind2=" " ind1=" " tag="720">
      <subfield code="a">Capdevila, Júlia</subfield>
      <subfield code="e">author</subfield>
   </datafield>
   <datafield ind2=" " ind1=" " tag="720">
      <subfield code="a">Costejà, Laura</subfield>
      <subfield code="e">author</subfield>
   </datafield>
   <datafield ind2=" " ind1=" " tag="260">
      <subfield code="c">2018-09-20T06:46:05Z</subfield>
   </datafield>
   <datafield ind2=" " ind1=" " tag="260">
      <subfield code="c">2018-09-20T06:46:05Z</subfield>
   </datafield>
   <datafield ind2=" " ind1=" " tag="260">
      <subfield code="c">2018-09-20</subfield>
   </datafield>
   <datafield ind2=" " ind1=" " tag="520">
      <subfield code="a">Unitat didàctica de GES1 (primer nivell del graduat en educació secundària obligatòria per a persones adultes) (especialitat Ciències Naturals). El·laborada dins el Màster de Formació del Professorat d&amp;apos;Educació Secundària i Batxillerat UPF-UOC</subfield>
   </datafield>
   <datafield ind2=" " ind1=" " tag="520">
      <subfield code="a">Tutor: Ivan Marchán</subfield>
   </datafield>
   <datafield ind2=" " ind1=" " tag="520">
      <subfield code="a">Mentor: Joan Ramírez</subfield>
   </datafield>
   <datafield ind2=" " ind1=" " tag="520">
      <subfield code="a">En aquesta Unitat Didàctica introduïm a l’aula el sistema nerviós, el sistema endocrí i la relació entre ambdós sistemes, utilitzant una metodologia contextualitzada per tal d’aconseguir un aprenentatge més significatiu de l’alumnat de GES1 del CFA Freire. Amb aquest objectiu, hem dissenyat una UD que parteix d’un cas mèdic “El cas de la Mireia”, pensat per a que sigui proper per l’alumnat, i que a la vegada és el fil conductor de totes les sessions. La nostra protagonista és una noia jove que pateix insomni i estrès, té uns hàbits &amp;quot;normals&amp;quot; tot i que poc saludables (fuma, pren molt cafè,&#xd;
és bevedora social) i al llarg del temps desenvolupa una diabetis. A cada classe es tracten i s’amplien diferents aspectes del cas, fent-lo evolucionar a mida que l’alumnat va adquirint els diferents coneixements sobre tots dos sistemes. Com a activitats&#xd;
estrella, duem a terme una sessió pràctica al laboratori amb puces d&amp;apos;aigua per observar l&amp;apos;efecte de la cafeïna, la nicotina i l&amp;apos;alcohol (consumides per la Mireia) sobre el seu ritme cardíac i proposem un role-play per explicar la sinapsi neuronal. L&amp;apos;alumnat s’organitza en equips mèdics per resoldre el cas (fomentant el treball col·laboratiu) i a la darrera sessió és celebra un simposi per a presentar i discutir els resultats de cada equip: diagnòstic, recomanacions de tractament, propostes de canvi d&amp;apos;hàbits... El CESIRE ens cedeix els microscopis i les puces d&amp;apos;aigua.</subfield>
   </datafield>
   <datafield tag="653" ind2=" " ind1=" ">
      <subfield code="a">Sistema nerviós</subfield>
   </datafield>
   <datafield tag="653" ind2=" " ind1=" ">
      <subfield code="a">Endocrinologia</subfield>
   </datafield>
   <datafield tag="653" ind2=" " ind1=" ">
      <subfield code="a">Hàbit</subfield>
   </datafield>
   <datafield tag="653" ind2=" " ind1=" ">
      <subfield code="a">Insomni</subfield>
   </datafield>
   <datafield tag="653" ind2=" " ind1=" ">
      <subfield code="a">Estrès</subfield>
   </datafield>
   <datafield tag="653" ind2=" " ind1=" ">
      <subfield code="a">Diabetis</subfield>
   </datafield>
   <datafield ind2="0" ind1="0" tag="245">
      <subfield code="a">El cas de la Mireia: unitat didàctica sobre el sistema nerviós i endocrí</subfield>
   </datafield>
</record></metadata></record></GetRecord></OAI-PMH>